Statistiken für Estland-Quiz

Klicken Sie hier um das Quiz zu spielen!

Allgemein

  • Dieses Quiz wurde 1.848 mal gespielt
  • Das Durchschnittsergebnis liegt bei 12 aus 22

Antwortstatistiken

FrageAntwort% Korrekt
NachbarlandRussland
96%
HauptstadtTallinn
96%
NachbarlandLettland
94%
Land, von welchem Estland 1991 unabhängig wurdeSowjetunion
91%
2004 trat Estland diese beiden wichtigen Weltorganisationen beiEuropäische Union
86%
2004 trat Estland diese beiden wichtigen Weltorganisationen beiNATO
83%
Diese Meerbusen befinden sich in diesem MeerOstsee
81%
Bezeichnung für eine Person aus Estland (oft im deutschen Kreuzworträtsel)Este
79%
48% der Fläche Estlands sind von diesem Ökosystem bedecktWald
77%
Beliebte Videoanruf-Software; in Estland entwickelt und 2011 von Microsoft gekauftSkype
70%
Estland liegt an diesen beiden Meerbusen{Finnischer} Meerbusen
60%
2005 wurde Estland das erste Land, das dies per Internet erlaubteAbstimmen
47%
Währung von 1992 bis 2011Krone
39%
Schwedischer König, nach dem die Universität ursprünglich benannt war{Gustav} II. Adolph
34%
Vor dem 2. Weltkrieg waren ca. 80% der Bürger Anhänger dieser christlichen Glaubensrichtung; heute sind es unter 10%Lutherisch
32%
Orden von Kreuzzügern, der Estland für beinahe drei Jahrhunderte kontrollierte{Deutscher} Orden
27%
Die estnische Sprache ist ein Teil dieser größeren Sprachgruppe (Anfangsbuchstabe U)Uralisch
26%
Nationaler Vogel Estlands mit blauem GefiederRauch{schwalbe}
25%
Was sind Saaremaa und Hiiumaa?Inseln
24%
Größte und älteste UniversitätUniversität Tartu
13%
Fünftgrößter See Europas, an der Ostgrenze Estlands{Peipus}see
12%
Estland liegt an diesen beiden Meerbusen{Rigaischer} Meerbusen
11%

Verteilung der Resultate

Perzentil nach korrekt beantworteten Fragen

Anzahl Personen mit jedem Resultat

Ihre Resultats-Entwicklung

Sie haben dieses Quiz noch nicht gespielt